Diario íntimo: 1951

Uloženo v:
Podrobná bibliografie
Hlavní autor: González Ruano, César (Autor)
Médium: Kniha
Jazyk:španělština
Vydáno: Barcelona Noguer 1952
Témata:
Tagy: Přidat tag
Žádné tagy, Buďte první, kdo vytvoří štítek k tomuto záznamu!

MARC

LEADER 00000nam a2200000 a 4500
001 UCU0775
003 CL-VaPUC
008 960329e19520000SP |||||||||||||||||spa|d
082 0 4 |a 808.883  |b GON  |2 21 
100 |a González Ruano, César  |e author  |9 356185 
245 1 0 |a Diario íntimo: 1951 
300 |a 237 p 
942 |c BK 
945 |d 19960329 00:00:00  |a rleighto 
260 |a Barcelona  |b Noguer  |c 1952 
650 7 |a DIARIOS INTIMOS  |2 CL-VaPUC  |9 265378 
650 0 |a Escritores  |9 313723 
583 |a last modification  |c 19960329 00:00:00  |k Rodrigo Vera 
999 |c 245584  |d 245582 
952 |0 0  |1 0  |4 0  |6 808_883000000000000_GON_1952  |7 0  |8 A  |9 260131  |a BIBEDU  |b BIBEDU  |d 2019-11-19  |i 3184536  |o 808.883 GON 1952  |p 3184536  |r 2019-11-19  |w 2019-11-19  |y BK  |k LIT